[Event "45th FIDE Chess Olympiad Open"]
[Site "Budapest, Hungary"]
[Date "2024.09.12"]
[Round "2"]
[White "Van Opstal, Rurik"]
[Black "Pride, Avian"]
[Result "1-0"]
[WhiteElo "2006"]
[BlackElo "1743"]
[PlyCount "71"]
[EventDate "2024.??.??"]
[WhiteTeam "Netherlands Antilles"]
[BlackTeam "Bahamas"]
[WhiteTeamCountry "AHO"]
[BlackTeamCountry "BAH"]
[WhiteClock "0:13:04"]
[BlackClock "0:00:49"]

1. e4 e6 2. d4 d5 3. e5 c5 4. c3 Nc6 5. Nf3 Bd7 6. a3 cxd4 7. cxd4 Qb6 8. Nc3 Na5 9. b4 Nc4 ({RR} 9... Qc6 10. bxa5 Qxc3+ 11. Bd2 Qc7 12. Rc1 Bc6 13. a6 Bxa3 14. axb7 Rb8 15. Ra1 Be7 16. Rxa7 Rxb7 17. Ra8+ Rb8 18. Rxb8+ Qxb8 19. Qc2 Bd7 20. Bd3 Bb4 21. Bxb4 Qxb4+ 22. Ke2 Qa4 23. Qxa4 Bxa4 24. Ra1 {1-0 Cnejev,V (2352)-Mikko,R (1665) World Youth U16 Olympiad 2023 (7.8)}) 10. Bxc4 dxc4 11. O-O ({RR} 11. d5 exd5 12. Be3 Qd8 13. Qxd5 Qc8 14. Ne4 Qc6 15. Qd4 Nh6 16. Bxh6 Qxh6 17. O-O Qb6 18. Nc5 Bxc5 19. bxc5 Qe6 20. Ng5 Qe7 21. f4 Bf5 22. Qxc4 O-O 23. Nf3 Be6 24. Qb4 Rfc8 25. Rac1 Rc7 {1-0 Haba,P (2480)-Whiteley,A (2350) Cappelle op 05th 1989}) 11... Ne7 12. Be3 $146 ({RR} 12. Re1 Bc6 13. Ng5 h6 14. Qh5 g6 15. Qh3 Qxd4 16. Bb2 Qd2 17. Nge4 Qxb2 18. Nd6+ Kd7 19. Rad1 Kc7 20. Re2 Qb3 21. Rb1 Qxb1+ 22. Nxb1 Rh7 23. Nxc4 Nd5 24. Rc2 Rd8 25. Nbd2 a6 26. Qb3 Nf4 {1-0 Peleikis,H (1925)-Tessmer,H (1703) Bad Griesbach Senioren op 08th 2005 (5)}) ({RR} 12. Bg5 h6 13. Bxe7 Bxe7 14. d5 O-O 15. d6 Bd8 16. Qe2 Rc8 17. Rfd1 a6 18. Ne4 Qa7 19. Nc5 Rxc5 20. bxc5 Qxc5 21. Qb2 b5 22. Qb4 Qa7 23. a4 a5 24. Qc3 b4 25. Qxc4 Bb6 26. Qa2 Bc6 {1-0 De la Ossa,C (1996)-Quinones,F (1769) COL pre olympic sf3 2018 (10)}) 12... Nd5 13. Rc1 Be7 14. Qe2 Rc8 15. Ne4 Qa6 16. Qb2 Bc6 17. Nc5 Bxc5 18. dxc5 Nxe3 19. fxe3 b6 20. Nd2 bxc5 21. Nxc4 O-O 22. Nd6 Bb5 23. Nxc8 Bxf1 24. Nd6 Bd3 25. bxc5 Qc6 26. Qc3 Ba6 27. Rb1 Rd8 28. Qd4 h6 29. Rb2 Rd7 30. Rb8+ Kh7 31. Rf8 Bb7 32. e4 Qc7 33. h3 g6 34. Qf2 Bxe4 35. Qf6 Qxc5+ 36. Kh2 1-0

[Event "45th FIDE Chess Olympiad Open"]
[Site "Budapest, Hungary"]
[Date "2024.09.12"]
[Round "2"]
[White "Skinner, Francis"]
[Black "Van Delden, Johan"]
[Result "1-0"]
[WhiteElo "1628"]
[BlackElo "1909"]
[PlyCount "64"]
[EventDate "2024.??.??"]
[WhiteTeam "Bahamas"]
[BlackTeam "Netherlands Antilles"]
[WhiteTeamCountry "BAH"]
[BlackTeamCountry "AHO"]
[WhiteClock "0:08:30"]
[BlackClock "0:30:30"]

1. e4 e5 2. Nf3 Nc6 3. d4 exd4 4. Nxd4 Bc5 5. Be3 Qf6 6. c3 Bb6 7. Be2 Nge7 ({RR} 7... Qg6 8. O-O Nf6 9. Nd2 d6 10. Kh1 Ng4 11. Bxg4 Bxg4 12. f3 Bd7 13. Nc4 O-O 14. Nxb6 axb6 15. Nb5 Rfc8 16. a4 Ne5 17. Qd4 h5 18. b3 h4 19. h3 Qh5 20. c4 Bc6 21. Nc3 f5 22. f4 {0-1 Saravana,K (2197)-Zhao,J (2600) Titled Tuesday intern op 04th Oct Early blitz 2022 (9)}) ({RR} 7... Qg6 8. O-O Nge7 9. Nd2 O-O 10. f4 Nxd4 11. cxd4 f5 12. e5 Kh8 13. Bc4 d6 14. Rf3 Be6 15. Rg3 Qf7 16. Bxe6 Qxe6 17. Nf3 dxe5 18. Ng5 Qg6 19. dxe5 Bxe3+ 20. Rxe3 Rad8 21. Qa4 h6 22. Rh3 {0-1 Antunes,L (2045)-Stoettner,L (2201) Titled Tue 30th Apr Late 2024 (8)}) 8. O-O a6 9. Re1 $146 ({RR} 9. Na3 O-O 10. Qd2 Qg6 11. Nxc6 Qxc6 12. Bf3 Bxe3 13. Qxe3 Qe6 14. Rfe1 d6 15. h3 Qg6 16. e5 dxe5 17. Qxe5 Nc6 18. Qxc7 Nd8 19. Qg3 Be6 20. Qxg6 hxg6 21. Nc2 Nc6 22. b3 Rac8 23. c4 Rfd8 {1-0 Szewczyk,M (2067)-Spicak,K (1932) Warsaw Najdorf Memorial op-A 2012 (7)}) 9... O-O 10. Na3 Nxd4 11. Bxd4 Bxd4 12. Qxd4 Qg6 13. Rad1 d6 14. Qe3 Nc6 15. Nc2 Re8 16. Bd3 Bg4 17. f3 Bd7 18. Nd4 Ne5 19. Bb1 Qh5 20. Qf2 g6 21. b3 Rad8 22. Qg3 Kf8 23. Ne2 Qh6 24. Nf4 Bc6 25. a3 b6 26. Ba2 a5 27. b4 axb4 28. axb4 Ra8 29. Bd5 Ra3 30. Bxc6 Nxc6 31. Nd5 Rc8 32. Nxc7 Ne5 1-0

[Event "45th FIDE Chess Olympiad Open"]
[Site "Budapest, Hungary"]
[Date "2024.09.12"]
[Round "2"]
[White "Fancy, Stuart"]
[Black "Chinchilla, Alejandro Jose"]
[Result "0-1"]
[WhiteElo "1921"]
[BlackElo "2113"]
[PlyCount "62"]
[EventDate "2024.??.??"]
[WhiteTeam "Papua New Guinea"]
[BlackTeam "Honduras"]
[WhiteTeamCountry "PNG"]
[BlackTeamCountry "HON"]
[WhiteClock "1:13:16"]
[BlackClock "0:34:02"]

1. Nc3 d5 2. d4 c5 3. Bg5 f6 ({RR} 3... Nc6 4. e3 cxd4 5. exd4 Qb6 6. Bb5 e6 7. a4 Bd7 8. a5 Qxd4 9. Qc1 Bc5 10. Be3 Qe5 11. Nf3 Bxe3 12. fxe3 Qc7 13. e4 Nge7 14. exd5 exd5 15. O-O O-O 16. Kh1 Rad8 17. a6 bxa6 18. Bxc6 {0-1 Hodgson,J (2540)-Garcia,G (2465) World op 18th 1990 (4)}) ({RR} 3... Nc6 4. e3 cxd4 5. exd4 Bf5 6. Bd3 Qd7 7. Nge2 h6 8. Bh4 Rc8 9. O-O Bxd3 10. Qxd3 e6 11. Rfe1 Be7 12. Bxe7 Ngxe7 13. a3 O-O 14. Ng3 a6 15. Re2 Rc7 16. Rae1 Rfc8 17. Nh5 Nf5 18. Re5 {0-1 Schulz,M (2144)-Paiva,D (2157) Titled Tue 7th May Late 2024 (1)}) 4. Bf4 cxd4 5. Qxd4 e5 6. Qxd5 $146 ({RR} 6. Bxe5 fxe5 7. Qxe5+ Ne7 8. O-O-O Nbc6 9. Qg5 Be6 10. e4 h6 11. Qg3 Qa5 12. exd5 Nxd5 13. Qg6+ Bf7 14. Qe4+ {½-½ Preisler,R (1598)-Bene,Z (2084) Balatonlelle op-B 2005 (1)}) 6... exf4 7. O-O-O Qxd5 8. Nxd5 Bd6 9. Nh3 Bxh3 10. gxh3 Nc6 11. Rg1 g6 12. Nxf6+ Nxf6 13. Rxd6 Ke7 14. Rd3 Rad8 15. Rb3 Rd7 16. h4 Rhd8 17. Rd3 Ne5 18. Rxd7+ Rxd7 19. Bh3 Rd8 20. Rd1 Neg4 21. Rxd8 Kxd8 22. f3 Ne3 23. Kd2 Kc7 24. Kd3 Kd6 25. c4 Kc5 26. a3 Nxc4 27. b4+ Kd5 28. Bc8 Nd6 29. Bh3 b5 30. e4+ fxe3 31. Bg2 Ke5 0-1

[Event "45th FIDE Chess Olympiad Open"]
[Site "Budapest, Hungary"]
[Date "2024.09.12"]
[Round "2"]
[White "Colindres, Daniel"]
[Black "McCoy, Tom"]
[Result "0-1"]
[WhiteElo "2079"]
[BlackElo "1883"]
[PlyCount "70"]
[EventDate "2024.??.??"]
[WhiteTeam "Honduras"]
[BlackTeam "Papua New Guinea"]
[WhiteTeamCountry "HON"]
[BlackTeamCountry "PNG"]
[WhiteClock "0:04:13"]
[BlackClock "0:05:54"]

1. e4 d5 2. exd5 Qxd5 3. d4 Nc6 4. Be3 Bf5 ({RR} 4... e5 5. dxe5 Qxd1+ 6. Kxd1 Nxe5 7. h3 Be6 8. b3 O-O-O+ 9. Kc1 g6 10. f4 Nc6 11. c3 Nge7 12. Nf3 Nf5 13. Bf2 Bd5 14. Nbd2 Bg7 15. Kb2 Rhe8 16. Rc1 Ne3 17. Bxe3 Rxe3 18. Bc4 Nb4 19. Ka3 {0-1 Bachand Fleurent,J (2174)-Roussel Roozmon,T (2435) Mauricie op Trois Rivieres 2006}) 5. c4 Qd6 $146 ({RR} 5... Qa5+ 6. Nc3 e6 7. Bd3 Nb4 8. Bxf5 Qxf5 9. Qa4+ c6 10. O-O-O Nd3+ 11. Rxd3 Qxd3 12. Nf3 Bd6 13. Rd1 Qf5 14. d5 b5 15. cxb5 cxd5 16. b6+ Ke7 17. Nd4 Qg6 18. Nc6+ Kf6 19. Qh4+ Kf5 20. Nd4+ {1-0 Tkachuk,K (1801)-Korfmacher,L (1868) Dortmund op-B 2004 (4)}) ({RR} 5... Qd8 6. Nf3 e6 7. Be2 Bb4+ 8. Nc3 Bxc3+ 9. bxc3 Nf6 10. O-O O-O 11. Nh4 Re8 12. Nxf5 exf5 13. Qc2 h6 14. Qxf5 Ne4 15. Bd3 Qf6 16. Bxe4 Qxf5 17. Bxf5 Na5 18. Bd3 Rad8 19. Rab1 b6 20. Bf4 {1-0 Brookbanks,A-Mehta,H (1578) British Rapidplay 2024 (11.97)}) ({RR} 5... Qa5+ 6. Bd2 Qb6 7. Bc3 Nb4 8. Qa4+ Qc6 9. Qxb4 Bxb1 10. d5 Qg6 11. Qxb7 Rd8 12. Qxc7 Qe4+ 13. Ne2 Nf6 14. Ba5 {1-0 Kress,M (2035)-Pal,G (1705) Landesliga Nord 0102 2001 (5.8)}) ({RR} 5... Qd7 6. Nf3 e6 7. h3 Nf6 8. Bd3 Bxd3 9. Qxd3 Be7 10. Nc3 O-O 11. a3 Rfd8 12. O-O-O a6 13. Ne4 Nxe4 14. Qxe4 Na5 15. Qc2 b5 16. Ne5 Qe8 17. c5 Nc6 18. Qe4 Rd5 19. Nd3 Bf6 20. Nf4 {1-0 Szalay,K (1842)-Brousseau,Y (2011) Gatineau Monarque blanc 2007 (3)}) 6. Nc3 O-O-O 7. Nf3 Nf6 8. d5 Ne5 9. Nd4 Qd7 10. Ndb5 a6 11. Na7+ Kb8 12. Qb3 Ka8 13. O-O-O Nfg4 14. Bd4 Qd6 15. f4 Nd7 16. g3 e5 17. Bg1 exf4 18. Ncb5 axb5 19. Nxb5 Qh6 20. Qa4+ Kb8 21. Qa5 f3+ 22. Rd2 Nb6 23. d6 Bxd6 24. Bxb6 cxb6 25. Qa7+ Kc8 26. Qxb6 Qxd2+ 27. Kxd2 Bc5+ 28. Qxd8+ Rxd8+ 29. Kc3 Rd1 30. b4 Bf2 31. c5 Ne3 32. Nd6+ Kc7 33. b5 Be6 34. Ne4 Be1+ 35. Kb2 Ba5 0-1

[Event "45th FIDE Chess Olympiad Open"]
[Site "Budapest, Hungary"]
[Date "2024.09.12"]
[Round "2"]
[White "Jones, Rupert"]
[Black "Gavarrete, Joel"]
[Result "0-1"]
[WhiteElo "1849"]
[BlackElo "2059"]
[PlyCount "180"]
[EventDate "2024.??.??"]
[WhiteTeam "Papua New Guinea"]
[BlackTeam "Honduras"]
[WhiteTeamCountry "PNG"]
[BlackTeamCountry "HON"]
[WhiteClock "0:04:19"]
[BlackClock "0:22:28"]

1. e4 c5 2. Nc3 e6 3. g3 Nc6 4. Bg2 d6 5. d3 Nf6 6. Nge2 Be7 7. O-O O-O 8. f4 a6 9. h3 Qc7 10. g4 b5 ({RR} 10... h6 11. Ng3 b5 12. g5 hxg5 13. fxg5 Nh7 14. Qh5 Nd4 15. Rf2 Bb7 16. Be3 Rae8 17. Raf1 Bd8 18. g6 fxg6 19. Qxg6 Rf6 20. Qxe8+ {1-0 Kovalenko,S (1827)-Muraviov,T Kyiv Spring 2023 (1.66)}) 11. Ng3 Rb8 ({RR} 11... Re8 12. g5 Nd7 13. h4 b4 14. Nce2 Bf8 15. f5 Nde5 16. Nf4 a5 17. h5 a4 18. g6 hxg6 19. hxg6 fxg6 20. fxg6 Be7 21. Qh5 Bf6 22. Qh7+ Kf8 23. Nfh5 {1-0 Kolosowski,M (2448)-Pichot,A (2628) Titled Tuesday intern op 28th Sept blitz 2021 (11)}) 12. g5 Nd7 $146 ({RR} 12... Ne8 13. h4 b4 14. Nce2 f5 15. exf5 exf5 16. Bd5+ Kh8 17. b3 Nd8 18. Bb2 Bb7 19. Bxb7 Rxb7 20. c4 d5 21. cxd5 Qd7 22. d4 Qxd5 23. Kh2 c4 24. bxc4 Qxc4 25. Qa4 Ra7 26. Rf3 Qd5 27. Re3 {1-0 Juhant,I (1952)-Hribar,A (1654) Ljubljana op 1st 2013 (1)}) 13. Nce2 f6 14. h4 Nb6 15. c3 d5 16. f5 dxe4 17. Bxe4 e5 18. Nh5 Bb7 19. gxf6 gxf6 20. Bh6 Rf7 21. Kh2 Kh8 22. Rg1 Bf8 23. Bxf8 Rbxf8 24. Qd2 Ne7 25. Rg4 Qd7 26. Bxb7 Qxb7 27. Rf1 Rg8 28. Rxg8+ Nxg8 29. Neg3 Rd7 30. Qe2 Qd5 31. Rd1 c4 32. d4 b4 33. Ne4 exd4 34. Rxd4 Qe5+ 35. Neg3 Rxd4 36. cxd4 Qxd4 37. Qe6 c3 38. Qf7 Qd7 39. Qb3 Qd2+ 40. Kh3 c2 41. Qf7 Qd7 42. Qxd7 Nxd7 43. Ne2 Ne7 44. Kg4 Ne5+ 45. Kf4 Nd3+ 46. Ke4 c1=Q 47. Nxc1 Nxc1 48. a3 bxa3 49. bxa3 Ne2 50. Nxf6 Ng3+ 51. Kd3 Ngxf5 52. Kc4 Nc8 53. Kb4 Nb6 54. Nxh7 Kxh7 55. Ka5 Nc4+ 56. Kxa6 Nxa3 57. Kb6 Nh6 58. Kc5 Kg7 59. h5 Kf6 60. Kb4 Nb1 61. Kc5 Ke5 62. Kc4 Nd2+ 63. Kc3 Ne4+ 64. Kc4 Kf5 65. Kd3 Ke5 66. Kc4 Kf4 67. Kd5 Ng5 68. Kc4 Ke4 69. Kc3 Kd5 70. Kb4 Ne4 71. Kb5 Nc3+ 72. Kb4 Kd4 73. Kb3 Nd5 74. Kc2 Ke3 75. Kb3 Kd3 76. Kb2 Nc7 77. Kb3 Na6 78. Kb2 Nc5 79. Ka3 Kc3 80. Ka2 Nd3 81. Ka3 Nb2 82. Ka2 Nc4 83. Kb1 Kd2 84. Ka2 Kc2 85. Ka1 Nf5 86. h6 Nd4 87. h7 Nb3+ 88. Ka2 Nc1+ 89. Ka1 Nd2 90. h8=Q Ndb3# 0-1

[Event "45th FIDE Chess Olympiad Open"]
[Site "Budapest, Hungary"]
[Date "2024.09.12"]
[Round "2"]
[White "Mehrad, Ahmad Tamim"]
[Black "Kudakwashe Chinake"]
[Result "1-0"]
[WhiteElo "2015"]
[BlackElo "1859"]
[PlyCount "77"]
[EventDate "2024.??.??"]
[WhiteTeam "Afghanistan"]
[BlackTeam "Cayman Islands"]
[WhiteTeamCountry "AFG"]
[BlackTeamCountry "CAY"]
[WhiteClock "0:01:41"]
[BlackClock "0:01:08"]

1. e4 c6 2. d4 d5 3. e5 Bf5 4. Ne2 e6 5. Ng3 Bg6 6. h4 f6 7. h5 Bf7 8. exf6 ({RR} 8. f4 Nh6 9. Nd2 Be7 10. Nf3 Nd7 11. Bd3 f5 12. Ng5 Ng4 13. Be2 Nh6 14. O-O O-O 15. Be3 c5 16. c3 Qb6 17. Qb3 c4 18. Qc2 Qc7 19. Nh1 b5 20. Nf2 a5 21. Nxf7 Rxf7 22. g4 fxg4 {1-0 Baskakov,E (2215)-Garcia Ramos,D (2433) Titled Tue 10th Jan Early 2023 (5)}) 8... Nxf6 9. h6 $146 ({RR} 9. Bd3 Nbd7 10. Qe2 Qc7 11. Nd2 O-O-O 12. Nf3 Bd6 13. Ng5 Rdf8 14. Rh3 Bxg3 15. Nxf7 Bxf2+ 16. Kxf2 Rxf7 17. Qxe6 Rff8 18. Rf3 Nxh5 19. Bf5 g6 20. Qxd7+ Qxd7 21. Bxd7+ Kxd7 22. Bh6 Rxf3+ 23. Kxf3 Re8 {0-1 Odler,D (2119)-Ochrana,L (2018) Bratislava Slovan op 2004 (3)}) ({RR} 9. Nc3 Bd6 10. Qf3 O-O 11. h6 g6 12. Bf4 Bxf4 13. Qxf4 Nbd7 14. Be2 Qe7 15. O-O e5 16. dxe5 Qxe5 17. Qd2 d4 18. Nd1 Nc5 19. f4 Qd6 20. Nf2 Rfe8 21. Rad1 Rad8 22. Bf3 Qf8 23. Rfe1 Rxe1+ {½-½ Srinath,R (2416)-Bernadskiy,V (2587) Budapest Spring op 2019 (9)}) ({RR} 9. Bd3 Bd6 10. h6 g6 11. Bg5 Nbd7 12. Qe2 Qc7 13. O-O O-O-O 14. Nd2 e5 15. c4 exd4 16. cxd5 Bxd5 17. Nde4 Nxe4 18. Nxe4 Rde8 19. Nxd6+ Qxd6 20. Qg4 Be6 21. Qf4 Qxf4 22. Bxf4 Rhf8 23. g3 Bf5 {0-1 Phan,T (1922)-Nguyen,T (1964) VIE-chT (Women) 2017 (1.19)}) 9... g6 10. Bg5 Nbd7 11. Nd2 Qb6 12. Nb3 a5 13. a4 Be7 14. Bd3 Bb4+ 15. c3 Bd6 16. O-O O-O 17. Qc2 e5 18. dxe5 Bxe5 19. Ne2 Ng4 20. Nbd4 c5 21. Bb5 Ndf6 22. Nf3 Bc7 23. Bxf6 Qxf6 24. Qd2 Be6 25. Ng5 Rad8 26. f3 Qe5 27. f4 Qf6 28. Rae1 Nxh6 29. Nxe6 Qxe6 30. Nd4 Qb6 31. Ne6 c4+ 32. Kh1 Rf5 33. g4 Nxg4 34. Qd4 Rh5+ 35. Kg2 Rd7 36. Qxb6 Bxb6 37. Bxd7 Rh2+ 38. Kg3 h5 39. Nd4 1-0

[Event "45th FIDE Chess Olympiad Open"]
[Site "Budapest, Hungary"]
[Date "2024.09.12"]
[Round "2"]
[White "Young, Christopher"]
[Black "Haidary, Hameedullah"]
[Result "0-1"]
[WhiteElo "1758"]
[BlackElo "2192"]
[PlyCount "82"]
[EventDate "2024.??.??"]
[WhiteTeam "Cayman Islands"]
[BlackTeam "Afghanistan"]
[WhiteTeamCountry "CAY"]
[BlackTeamCountry "AFG"]
[WhiteClock "0:14:35"]
[BlackClock "0:32:28"]

1. d4 Nf6 2. c4 g6 3. Nc3 Bg7 4. e4 d6 5. f4 O-O 6. Nf3 c5 7. d5 e6 8. Be2 exd5 9. e5 dxe5 10. fxe5 Ng4 11. Bg5 Qa5 12. cxd5 Nxe5 13. O-O Nbd7 14. d6 ({RR} 14. Be7 Ng4 15. Qd2 Re8 16. d6 c4 17. Qf4 Nb6 18. Ng5 Nh6 19. Nxf7 Nf5 20. Ng5 Be5 21. Qf3 Rxe7 22. dxe7 Qc5+ 23. Kh1 Qxe7 24. Qe4 Nd6 25. Qe3 Nf5 26. Qe4 Nd6 27. Qh4 Bf5 28. Rae1 Qg7 {1-0 Nogueiras Santiago,J (2495)-Georgiev,K (2465) Plovdiv 1982 (2)}) ({RR} 14. Be7 Re8 15. d6 Nxf3+ 16. Bxf3 Ne5 17. Nd5 Bf5 18. Nf6+ Bxf6 19. Bxf6 Qb6 20. Qd2 Re6 21. Bxe5 Rxe5 22. Rad1 Rd8 23. g4 c4+ 24. Qd4 Bd3 25. Qxb6 axb6 26. Rfe1 Rxe1+ 27. Rxe1 Rxd6 28. Re7 g5 {½-½ Harris,M (2234)-Nataraj,N (1888) BCF-chT1 S4 (4NCL) online 2021 (6.162)}) 14... f6 15. Bf4 c4 $146 ({RR} 15... Rb8 16. Bxe5 fxe5 17. Qd5+ Kh8 18. Nxe5 Nf6 19. Rxf6 Rxf6 20. d7 Bxd7 21. Qxd7 c4 22. Nf3 Qb6+ 23. Kh1 Qxb2 24. Rd1 Qxc3 25. Ng5 Rbf8 26. Ne4 Qe3 27. Ng3 c3 28. Bd3 Qh6 29. h3 Rf2 30. Qc7 {0-1 Kirby,K-Villarroel,G Olympiad-16 Preliminaries A 1964 (1)}) ({RR} 15... Nf7 16. Nd5 b5 17. a4 b4 18. Nd2 Nde5 19. Bxe5 Nxe5 20. Nb3 Qd8 21. Nxf6+ Kh8 22. Ne4 Rxf1+ 23. Bxf1 c4 24. Nbc5 Bf5 25. Qd5 Rc8 26. Rd1 c3 27. bxc3 bxc3 28. Ba6 Bxe4 29. Nxe4 Qb6+ 30. Kh1 {0-1 Ludvigsen,F (2235)-Adler,J (2220) Oakham YM 1986 (6)}) 16. Bxe5 fxe5 17. Bxc4+ Kh8 18. Qd5 Qb6+ 19. Kh1 Nf6 20. Qb5 Qxd6 21. Rad1 Qc7 22. Nd5 Nxd5 23. Bxd5 Bg4 24. h3 Bxf3 25. Bxf3 Rf7 26. Bd5 Re7 27. b3 e4 28. Rc1 Qe5 29. Qc4 e3 30. Bf3 Rd8 31. Rfe1 h5 32. Rc2 Bf6 33. Rce2 Bg5 34. Qb4 Rd4 35. Qa3 a6 36. Qb2 Kh7 37. Rc1 Qd6 38. Qc2 Kh6 39. Kg1 Bf4 40. Qc3 h4 41. Qc2 Rc7 0-1

[Event "45th FIDE Chess Olympiad Open"]
[Site "Budapest, Hungary"]
[Date "2024.09.12"]
[Round "2"]
[White "Asefi, Zaheeruddeen"]
[Black "Shaw, Clifford"]
[Result "1-0"]
[WhiteElo "1947"]
[BlackElo "1744"]
[PlyCount "59"]
[EventDate "2024.??.??"]
[WhiteTeam "Afghanistan"]
[BlackTeam "Cayman Islands"]
[WhiteTeamCountry "AFG"]
[BlackTeamCountry "CAY"]
[WhiteClock "0:06:02"]
[BlackClock "0:05:53"]

1. d4 e6 2. c4 f5 3. g3 Nf6 4. Bg2 Be7 5. Nc3 O-O 6. Qc2 d6 7. Nf3 a5 8. O-O Nc6 9. Rd1 Qe8 10. Nb5 ({RR} 10. e4 fxe4 11. Nxe4 e5 12. c5 Qh5 13. cxd6 cxd6 14. dxe5 dxe5 15. Re1 Bg4 16. Nfg5 Nd4 17. Qc4+ Kh8 18. h3 Be2 19. Qc7 Nxe4 20. Nxe4 Bb4 21. g4 Qg6 22. Bd2 Bxd2 23. Nxd2 Qf6 24. Ne4 Qf4 {0-1 Jovanic,O (2480)-Bosiocic,M (2561) Zagreb op-A 2011 (5)}) ({RR} 10. b3 e5 11. dxe5 dxe5 12. Nd5 Bd8 13. Bb2 e4 14. Bxf6 Bxf6 15. Nxc7 Qg6 16. Nxa8 Bxa1 17. Rxa1 exf3 18. Bxf3 Nb4 19. Qd2 f4 20. Nc7 fxg3 21. hxg3 Bg4 22. Bxg4 Qxg4 23. Nd5 Nc6 24. Ne3 Qg6 {1-0 De Silva,L (2398)-Spichkin,A (2035) Titled Tue 30th Jan Early 2024 (7)}) 10... Bd8 11. a3 e5 12. dxe5 $146 ({RR} 12. d5 Ne7 13. Nc3 Qh5 14. Ng5 h6 15. Ne6 Bxe6 16. dxe6 Nc6 17. Qb3 Ra6 18. c5 Kh8 19. Qxb7 Nd4 20. Qxa6 dxc5 21. Qc4 Ne4 22. Bxe4 fxe4 23. Be3 Qf5 24. Nxe4 Qxe4 25. Qxc5 Nxe6 26. Qxa5 Ng5 {1-0 Duneas,J (2079)-Tsoi,N (1716) North Shore op-A 37th 2011 (2)}) ({RR} 12. Bg5 e4 13. Nd2 Qh5 14. Bxf6 Rxf6 15. Nf1 Ne7 16. d5 Bd7 17. Nd4 c5 18. dxc6 Nxc6 19. Nb5 f4 20. Qxe4 Qh6 21. c5 fxg3 22. hxg3 Be7 23. Qe3 g5 24. Nxd6 Be6 25. Nxb7 Raf8 26. Bxc6 Rxf2 {1-0 Jirovsky,P (2358)-Trapl,J (2363) CZE-chT 0001 2000 (10)}) 12... dxe5 13. Be3 Qh5 14. Bc5 Re8 15. Nd2 e4 16. Nf1 f4 17. Bd4 f3 18. exf3 exf3 19. Bh1 Re2 20. Qb3 Bg4 21. Nc3 Nxd4 22. Rxd4 Be7 23. Qxb7 Rf8 24. b4 c5 25. Rd3 cxb4 26. Nxe2 fxe2 27. Qxe7 exf1=Q+ 28. Rxf1 Be2 29. Rd8 Re8 30. Bd5+ 1-0

[Event "45th FIDE Chess Olympiad Open"]
[Site "Budapest, Hungary"]
[Date "2024.09.12"]
[Round "2"]
[White "Andrade, Ivan"]
[Black "Solomon, Joshua"]
[Result "1-0"]
[WhiteElo "2132"]
[BlackElo "1587"]
[PlyCount "89"]
[EventDate "2024.??.??"]
[WhiteTeam "Mozambique"]
[BlackTeam "Antigua and Barbuda"]
[WhiteTeamCountry "MOZ"]
[WhiteClock "0:08:26"]
[BlackClock "0:01:37"]

1. e4 c6 2. d4 d5 3. e5 Bf5 4. h4 h6 5. g4 Bh7 6. e6 fxe6 7. Bd3 Bxd3 8. Qxd3 Qd6 ({RR} 8... Nf6 9. Nf3 Qa5+ 10. Nbd2 Ne4 11. O-O Qa6 12. Qe3 Nd6 13. Qxe6 Nd7 14. Qg6+ Kd8 15. Re1 c5 16. dxc5 Nxc5 17. Ne5 Qb5 18. Nb3 Nxb3 19. axb3 a5 20. c4 Qb4 {1-0 Ivanov,A (2567)-Fayvinov,Z (2288) Washington Eastern op 2000 (4)}) 9. Ne2 $146 ({RR} 9. f4 Nd7 10. Nf3 O-O-O 11. Ne5 Nxe5 12. fxe5 Qc7 13. Be3 Nf6 14. exf6 exf6 15. Bf2 Qf4 16. Nd2 Qxg4 17. h5 e5 18. Qh3 Qxh3 19. Rxh3 exd4 20. Bxd4 Re8+ 21. Kf1 b6 22. a4 Bd6 23. Re1 Rxe1+ {½-½ Gufeld,E-Spiridonov,N WchT Students 08th 1961 (3.3)}) ({RR} 9. f4 Nf6 10. Nf3 Ne4 11. Nc3 Nxc3 12. bxc3 Nd7 13. Qg6+ Kd8 14. Ne5 Nxe5 15. fxe5 Qd7 16. O-O Kc7 17. a4 c5 18. Ba3 b6 19. dxc5 bxc5 20. Bxc5 Qc6 21. Bd4 Kd7 22. Rab1 Qc8 23. Rb5 Rb8 {1-0 Prabhu,A-Bartlett-Davis,O Stokes Cup 2024 (3.3)}) ({RR} 9. Qg6+ Kd8 10. f4 Nd7 11. Nf3 Ngf6 12. Ne5 Nxe5 13. fxe5 Qc7 14. Nc3 Kd7 15. Be3 Qb6 16. O-O-O Ne8 17. Na4 {1-0 Palacios Gonzalez,M (1588)-Fernandez Lopez,I Burgas op 17th 2008 (6)}) ({RR} 9. Qg6+ Kd8 10. f4 e5 11. Qf5 e6 12. Qxe5 Qxe5+ 13. fxe5 c5 14. Ne2 Nc6 15. c3 cxd4 16. cxd4 Bb4+ 17. Bd2 Nge7 18. h5 Rf8 19. a3 Bxd2+ 20. Nxd2 Kd7 21. b4 Rac8 22. Nb3 b6 23. Rh3 Nd8 {½-½ Harandi,K-Onat,I Asia West-ch 1972 (6)}) 9... e5 10. dxe5 Qxe5 11. Nbc3 Na6 12. Bf4 Qf6 13. Qg3 O-O-O 14. O-O-O e6 15. g5 Qf7 16. g6 Qe8 17. Be5 Ne7 18. Nf4 Nf5 19. Qh3 Bd6 20. Rhe1 Rf8 21. h5 b5 22. Rd2 Qe7 23. Kd1 d4 24. Bxd6 dxc3 25. Bxe7 Rxd2+ 26. Kc1 Nd4 27. bxc3 Rxc2+ 28. Kb1 Rxf4 29. cxd4 Rfxf2 30. Qxe6+ Kc7 31. Bd6+ Kb6 32. Qg8 b4 33. Qb3 Rc3 34. Bc5+ Kb5 35. a4+ Ka5 36. Bxb4+ Nxb4 37. Qxc3 Kxa4 38. Qa1+ Kb3 39. Re3+ Kc4 40. Qc3+ Kb5 41. Qc5+ Ka4 42. Qxa7+ Kb5 43. Re5+ Kc4 44. Qf7+ Kc3 45. Qxf2 1-0

[Event "45th FIDE Chess Olympiad Open"]
[Site "Budapest, Hungary"]
[Date "2024.09.12"]
[Round "2"]
[White "Matthew Bailey"]
[Black "Jamal, Hamid Harmon Gulamo"]
[Result "0-1"]
[WhiteElo "1548"]
[BlackElo "1960"]
[PlyCount "86"]
[EventDate "2024.??.??"]
[WhiteTeam "Antigua and Barbuda"]
[BlackTeam "Mozambique"]
[BlackTeamCountry "MOZ"]
[WhiteClock "1:21:04"]
[BlackClock "1:09:11"]

1. e4 c5 2. d4 cxd4 3. c3 g6 4. Nf3 Bg7 5. Bc4 d3 6. Qxd3 ({RR} 6. O-O Nc6 7. a4 Nf6 8. e5 Ng4 9. Bxf7+ Kxf7 10. Ng5+ Kg8 11. Qxg4 Nxe5 12. Qg3 h6 13. f4 hxg5 14. fxe5 d6 15. Bxg5 Bf5 16. Bf4 Qb6+ 17. Rf2 Rf8 18. Na3 dxe5 19. Bg5 Qe6 20. Re1 a6 {1-0 Dragnev,V (2438)-Vorobiov,E (2581) Bayern-chI Bank Hofmann 20th 2016 (8)}) 6... Nc6 7. Bf4 Qb6 $146 ({RR} 7... d6 8. Nbd2 Nf6 9. O-O O-O 10. Nb3 a6 11. Rad1 b5 12. Bd5 Bb7 13. Rfe1 Nxd5 14. exd5 Na7 15. Qe3 Re8 16. Bh6 e5 17. dxe6 Rxe6 18. Qd2 Bxh6 19. Qxh6 Bxf3 20. gxf3 Rxe1+ 21. Rxe1 Nc6 22. Re4 {1-0 Muratet Casadevall,A (2164)-Seletsky,G (2280) Benidorm op U2300 10th 2011 (8)}) ({RR} 7... d6 8. Na3 Nf6 9. O-O O-O 10. b4 Ng4 11. Bb3 Nge5 12. Qe3 Nxf3+ 13. Qxf3 Be6 14. Bd5 Qd7 15. Rac1 Rac8 16. Qe3 b6 17. Rfd1 Ne5 18. Bxe5 Bxe5 19. f4 Bg7 20. c4 Qa4 21. Bxe6 fxe6 22. Qh3 {½-½ Stokes,M (1968)-Bellers,C (1926) English Seniors 65+ 2024 (7.12)}) ({RR} 7... d6 8. Nbd2 Nf6 9. Qe2 O-O 10. h4 a6 11. e5 dxe5 12. Nxe5 Nxe5 13. Bxe5 b5 14. h5 bxc4 15. Qxc4 Qd5 16. Qf4 Bf5 17. Rh4 Rad8 18. Bxf6 Bxf6 {0-1 Raulino,M (1622)-Mafra,K (2124) Florianopolis Ribeiro Neto Memorial 2016 (1.1)}) ({RR} 7... d6 8. Ng5 e6 9. Qxd6 Qf6 10. Nf3 h6 11. Bb5 Qd8 12. Bxc6+ bxc6 13. Qxc6+ Bd7 14. Qc5 Ne7 15. Bd6 Nc6 16. Nbd2 Rc8 17. Qa3 Qb6 18. O-O f5 19. exf5 gxf5 20. Nc4 Qb5 21. Be5 Qxc4 22. Bxg7 {1-0 Jurado,D (1613)-Baudagna,R (1535) ARG-ch U1700 2018 (2)}) 8. Bb3 Nf6 9. O-O a5 10. a3 Qxb3 11. Nbd2 Qb6 12. Nc4 Qa6 13. e5 Nh5 14. Bg5 b5 15. Ne3 h6 16. Nd5 O-O 17. Nc7 Qb7 18. Nxa8 hxg5 19. Nxg5 Qxa8 20. f4 Qa7+ 21. Kh1 Ba6 22. g4 Nxf4 23. Rxf4 Nxe5 24. Qh3 Bb7+ 25. Re4 Bxe4+ 26. Nxe4 Qb7 27. Qg2 Qc6 28. Rd1 Nxg4 29. Qxg4 f5 30. Qg2 Qxe4 31. Qxe4 fxe4 32. Rxd7 Rf7 33. Rd2 e3 34. Re2 Bh6 35. Kg2 e5 36. h3 a4 37. h4 Rf2+ 38. Rxf2 exf2 39. Kxf2 Bc1 40. Ke2 Bxb2 41. Kd3 Bxa3 42. c4 bxc4+ 43. Kxc4 Be7 0-1